000 00718nam a2200229Ii 4500
003 JO-AjNU
008 230605s9999||||xx |||||||||||||| ||und||
017 _a2011/8/3232
020 _a978-9957-16-741-7
040 _aJO-AjNU
_bara
_erda
_cJO-AjNU
041 _aara
050 1 4 _aLC3995.Q256 2012
100 3 _aالقمش، مصطفى نوري,
_eauthor
_942639
245 0 0 _aالموهوبون ذوو صعوبة التعلم
250 _aط1
264 3 1 _aعمان:دار الثقافة،2012
300 _a471ص
336 _atext
_btxt
_2rdacontent
337 _aunmediated
_bn
_2rdamedia
338 _avolume
_bnc
_2rdacarrier
650 4 _aالطلاب الموهوبون-التعليم الخاص
_942640
999 _aA18272
_c21840
_d21840